Survey and data analysis of EGG based lie detection techniques (Record no. 45657)

000 -LEADER
fixed length control field 00504nam a22001697a 4500
001 - CONTROL NUMBER
control field 45657
003 - CONTROL NUMBER IDENTIFIER
control field BD-DhUET
008 - FIXED-LENGTH DATA ELEMENTS--GENERAL INFORMATION
fixed length control field 260422b xxu||||| |||| 00| 0 eng d
040 ## - CATALOGING SOURCE
Transcribing agency 0
Modifying agency BD-DhUET
100 ## - MAIN ENTRY--PERSONAL NAME
Personal name Farhan Niaj Neebir, Muhammad
245 ## - TITLE STATEMENT
Title Survey and data analysis of EGG based lie detection techniques
260 ## - PUBLICATION, DISTRIBUTION, ETC. (IMPRINT)
Place of publication, distribution, etc. Dhaka
Name of publisher, distributor, etc. Department of Computer Science and Engineering, BUET
Date of publication, distribution, etc. 2026
300 ## - PHYSICAL DESCRIPTION
Extent viii,49p.
501 ## - WITH NOTE
With note One CD-ROM
504 ## - BIBLIOGRAPHY, ETC. NOTE
Bibliography, etc Includes bibliographies
942 ## - ADDED ENTRY ELEMENTS (KOHA)
Koha item type Thesis
Holdings
Source of classification or shelving scheme Date acquired Koha date last seen Location (home branch) Sublocation or collection (holding branch) Koha item type Copy number Price effective from Shelving location Withdrawn status Not for loan Damaged status Piece designation (barcode) Lost status
 2026-04-212026-04-22Central Library, BUETCentral Library, BUETThesis12026-04-22Acquisition section   121023